Регионална библиотека "Любен Каравелов" - Русе

Третият | Наемен убиец (Запис номер 66127)

MARC детайли
000 -Лидер
Контролно поле с фиксирана дължина 01215nam a2200313 c 4500
003 - Код на организацията, давaща контролен номер
Контролно поле BLK
005 - Дата и час на последна редакция
Контролно поле 20211110153829.0
008 - Елементи от данни с фиксирана дължина
fixed length control field 180408b bul|||||r ||||||| ||bul||
010 ## - Наследен системен номер
LC control number KNG00070413000
040 ## - Източник на каталожния запис
Идентификатор на билиотеката - собственик на записа BLK
041 ## - Код за език
Код за езика на текст/звукозапис или на отделно заглавие Български
Код за езика КДБФ Български
080 ## - УДК
Текстов определител УДК Английска литература
УДК код - определител по УДК 821.111
УДК определител -31
УДК - код + определител 821.111-31
100 1# - Редна дума - Автор
Автор Грийн, Греъм
Авторска отговорност първи автор
R(LIN) 251170
139 ## - Редно поле
Редна дума Грийн, Греъм
Авторски знак Григ - Г 82
245 10 - Сведения за заглавието
Заглавие Третият
Редно поле (дума) Греъм Грийн; прев. от англ. Ивайла Вълкова.
245 10 - Сведения за заглавието
Заглавие Наемен убиец
Подзаглавни данни Романи
Редно поле (дума)
257 ## - Страна на издаване
Страна на създаване/издаване Великобритания
260 ## - Област на издателските данни
-- София
Име на издателя, разпространителя и проч. Нар. младеж
Година на издаване 1989
Печатница София : ДП Георги Димитров
300 ## - Физическа характеристика
Страници 240 с.
Размери/Мащаб 21 см
380 ## - Жанр
Жанр Худож. лит.
490 1# - СЕРИИ (Колекции)
Име на серия Библиотека Лъч : Избрано
500 ## - Общи забележки
Забележка Ориг. загл. The third man ; A gun for sale / Graham Greene. - Други прев. : З. Йорданов, Б. Велчев
700 1# - Други автори (авторска отговорност)
Лично име Вълкова, Ивайла
Автороска отговорност (Описва отношението между автора и произведението) прев. от англ.
9 (RLIN) 370636
852 ## - Местоположение
Форматна сигнатура Цб 160062
856 4# - Електронен адрес и достъп
Електронен формат pdf - файл
Път до файла /url/
856 4# - Електронен адрес и достъп
Електронен формат pdf - файл
Път до файла /url/
942 ## - АРТИКУЛИ
Вид на библиотечния материал Книги
Скрит в OPAC Не
Koha issues (borrowed), all copies 7
944 ## - СЪЗДАВАНЕ И РЕДАКЦИЯ на ЗАПИСА
Създаване/Редакция Създаване
Дата на регистрацията/редакция 09.01.2007
Служител, извършил регистрацията/редакцията Наталия_Медовщикова
944 ## - СЪЗДАВАНЕ И РЕДАКЦИЯ на ЗАПИСА
Създаване/Редакция Редакция
Дата на регистрацията/редакция 03.10.2008
Служител, извършил регистрацията/редакцията
999 ## - СИСТЕМНИ КОНТРОЛНИ НОМЕРА
Koha biblionumber 66127
Koha biblioitemnumber 66127
Наличности
Код за отписване Код за изгубен артикул Източник на класификационната схема Код за повреда Коз за рестрикции Код за отдаване Артикулен № Име на библиотеката - собственик Име на библиотеката, в която се намира в момента Статус (Текущо местоположение) Дата на вписване в системата Местоположение - отдел Цена в лева Инвентарен номер Систематично азбучна сигнатура Баркод Номер на екземпляра Цена в евро Служебна бележка Служебен тип на артикула Бележка за публиката
Изтеглен Не е изгубен Universal Decimal Classification Не е повреден без рестрикции заемане за дома 109392 Регионална библиотека "Любен Каравелов" Русе Регионална библиотека "Любен Каравелов" Русе Заемна - подръчен фонд 2007-01-09 Заемна - подръчен фонд 2.42 120000708308 П 820-31/Г 82 120000708308 1 1.24 Дост: DA Вид: А N: 1 Дата: 05.01.2007 Дата инв: 14.02.2018 Бележки инв: П2018 Книги  
  Не е изгубен Universal Decimal Classification Не е повреден без рестрикции ползва се в читалня 109393 Регионална библиотека "Любен Каравелов" Русе Регионална библиотека "Любен Каравелов" Русе Хранилище 2001-01-01 Хранилище 2.42 524713 Цб 160062 120000524713 2 1.24 Дост: Dp Вид: Д N: стар фонд Дата: 01.01.2001 Книги  
Изтеглен Не е изгубен Universal Decimal Classification Не е повреден без рестрикции заемане за дома 109394 Регионална библиотека "Любен Каравелов" Русе Регионална библиотека "Любен Каравелов" Русе Заемна - подръчен фонд 2001-01-01 Заемна - подръчен фонд 2.42 525659 П 820-31/Г 82 525659 3 1.24 Дост: Pk Вид: Ф N: стар фонд Дата: 01.01.2001 Книги  
Изтеглен Не е изгубен Universal Decimal Classification Не е повреден без рестрикции заемане за дома 109395 Регионална библиотека "Любен Каравелов" Русе Регионална библиотека "Любен Каравелов" Русе Заемна - подръчен фонд 2001-01-01 Заемна - подръчен фонд 3.00 634486 П 820-31/Г 82 634486 4 1.53 Дост: Pk Вид: Ф N: стар фонд Дата: 01.01.2001 Книги  
Изтеглен Не е изгубен Universal Decimal Classification Не е повреден без рестрикции заемане за дома 109396 Регионална библиотека "Любен Каравелов" Русе Регионална библиотека "Любен Каравелов" Русе Заемна - подръчен фонд 2001-01-01 Заемна - подръчен фонд 2.50 656565 П 820-31/Г 82 656565 5 1.28 Дост: Pk Вид: Ф N: стар фонд Дата: 01.01.2001 Книги  
Изтеглен Не е изгубен Universal Decimal Classification Не е повреден без рестрикции заемане за дома 109397 Регионална библиотека "Любен Каравелов" Русе Регионална библиотека "Любен Каравелов" Русе Детски отдел 2001-01-01 Детски отдел 2.42 525555 Д 820/899/Г 82 525555 6 1.24 Дост: Pk Вид: Ф N: стар фонд Дата: 01.01.2001 Дата инв: 08.09.2015 Бележки инв: Д2015 Книги  
Изтеглен Не е изгубен   Не е повреден без рестрикции заемане за дома 109398 Регионална библиотека "Любен Каравелов" Русе Регионална библиотека "Любен Каравелов" Русе   2001-01-01 Детски отдел 2.42 525557 Д 820/899/Г 82 525557 7 1.24 Дост: Pk Вид: Ф N: стар фонд Дата: 01.01.2001 Дата инв: 08.09.2015 Бележки инв: Д2015 Книги Отч.N: 46/17 , Дата: 04.10.2017
Изтеглен Не е изгубен Universal Decimal Classification Не е повреден без рестрикции заемане за дома 109399 Регионална библиотека "Любен Каравелов" Русе Регионална библиотека "Любен Каравелов" Русе Детски отдел 2001-01-01 Детски отдел 2.42 525558 Д 820/899/Г 82 525558 8 1.24 Дост: Pk Вид: Ф N: стар фонд Дата: 01.01.2001 Дата инв: 08.09.2015 Бележки инв: Д2015 Книги  
Vip Innovations Ltd, Rousse, Bulgaria 2025